Modern Competitive Analysis : (Record no. 615375)

MARC details
000 -LEADER
fixed length control field 00525nam a2200193 a 4500
008 - FIXED-LENGTH DATA ELEMENTS--GENERAL INFORMATION
fixed length control field 260221s1999##################000#0#eng##
020 ## - INTERNATIONAL STANDARD BOOK NUMBER
ISBN 9780195119411
082 04 - DEWEY DECIMAL CLASSIFICATION NUMBER
Classification number 338.6048
Item number OST
100 1# - MAIN ENTRY--AUTHOR NAME
Personal name Oster, Sharon M.,
245 10 - TITLE STATEMENT
Title Modern Competitive Analysis :
260 ## - PUBLICATION, DISTRIBUTION, ETC. (IMPRINT)
Name of publisher Oxford University Press, USA,
Year of publication 1999.
300 ## - PHYSICAL DESCRIPTION
Number of Pages 434 pages
650 #0 - SUBJECT ADDED ENTRY--TOPICAL TERM
Topical Term Business & Economics.
942 ## - ADDED ENTRY ELEMENTS (KOHA)
Koha item type English Books
Holdings
Withdrawn status Lost status Damaged status Not for loan Home library Current library Shelving location Date acquired Full call number Accession Number Price effective from Koha item type
        Anna Centenary Library Anna Centenary Library 4TH FLOOR, A WING 21.02.2026 338.6048 OST 267426 21.02.2026 English Books

Find us on the map